• 首页
  • 本馆介绍
  • 公告通知
  • 最新文献
  • 馆藏检索
  • 电子资源
  • 读者导购
  • 参考咨询
  • 我的图书馆
  • 登录
  • 详细信息显示
  • 放入我的书架
  • 预约/预借图书
  • 作者相关作品
  • 分类相关作品
  • 丛书相关作品
  • 出版社相关作品

书目信息

  • 表格格式
  • 工作单格式
  • 卡片格式
题名:
比较政府与政治
    
 
作者: 卓越 主编
分册:  
出版信息: 北京   中国人民大学出版社  2004
页数: 342
开本: 21cm
丛书名:
单 册:
中图分类: D502
科图分类:
主题词: 国际政治
电子资源:
ISBN: 7-300-05672-5
000 00515nam0 2200181 450
001 0753815641
005 20070930145655.64
010    @a7-300-05672-5@d¥26.00
100    @a20070930d km y0chiy0120 ea
101 0  @achi
200 1  @a比较政府与政治@Abi jiao zheng fu yu zheng zhi@f卓越主编@Fzhuo yue zhu bian
210    @a北京@c中国人民大学出版社@d2004
215    @a342@d21cm
606 0  @a国际政治
690    @aD502@v3
701  0 @a卓越@Azhuo yue@4主编
801  0 @aCN@bPFT@c20070930
905    @a213230@dD502@eg22@f1
    
    比较政府与政治/卓越主编.-北京:中国人民大学出版社,2004
    342;21cm
    
    
    ISBN 7-300-05672-5:¥26.00
    
●
相关链接 在E读中查询图书 在五车中查询图书 在当当中查询图书 在豆瓣中查询图书


正题名:比较政府与政治     索取号:D502/g22         预约/预借

序号 登录号 条形码 馆藏地/架位号 状态 备注
1 6503409   265034090   密集书库-海洋学院/ [索取号:D502/g22] 在馆    
唐山师范学院图书馆 欢迎您!
大连网信软件有限公司© 版权所有